000 00481nam a2200193Ia 4500
005 20240823021618.0
008 240823s9999||||xx |||||||||||||| ||und||
020 _a81-203-2691-1
041 _aENGLISH
082 _A350 P5
100 _a"Rice,Mitchell F Ed."
245 0 _aDiversity and Public Administration
250 _a1st
260 _c2005
_b"PHI,New "
_aNew Delhi
500 _aYES
650 _aAdministration
_bManagement Studies
942 _cBK
999 _c177375
_d177375